| 000 | 01589cam a22004574i 4500 | ||
|---|---|---|---|
| 003 | PE-LiUPU | ||
| 005 | 20250731173540.0 | ||
| 008 | 150616s1988 gau r 000 0 eng d | ||
| 020 | _a0806623101 | ||
| 035 | _a(Sirsi) i9780806623108 | ||
| 040 |
_aPE-LiUPU _bspa _cPE-LiUPU _erda |
||
| 049 | _aPRUA | ||
| 082 | 0 | 4 |
_a253 _bH25 _221 |
| 100 | 1 |
_aHaugk, Kenneth C., _eautor. |
|
| 245 | 1 | 0 |
_aAntagonists in the Church / _cKenneth C. Haugk. |
| 264 | 1 |
_aMinneapolis, Georgia : _bAugsburg Publishing House, _c1988. |
|
| 300 |
_a189 páginas ; _c21 centímetros |
||
| 336 |
_atext _2rdacontent |
||
| 337 |
_aunmediated _2rdamedia |
||
| 338 |
_avolume _2rdacarrier |
||
| 505 | 0 | _aDefining the issue -- A guide for identifying antoganists -- Preventing antogonism -- Dealing with antogonists -- Preventing antogonism -- Dealing with antoganism. | |
| 526 | _aSEG42 | ||
| 526 | _aSEG41 | ||
| 526 | _aSEG40 | ||
| 526 | _aSEG39 | ||
| 526 | _aP94 | ||
| 526 | _aP87 | ||
| 526 | _aP86 | ||
| 526 | _aP85 | ||
| 526 | _aP77 | ||
| 526 | _aP76 | ||
| 526 | _aP35 | ||
| 650 | 1 | 4 | _aConflictos en la iglesia. |
| 910 |
_ajck _bjvq _cjck |
||
| 942 |
_2ddc _cBOOK |
||
| 949 |
_a253 H25 _wDEWEY _c1 _i42558 _lCCODEBUL1 _mBUL _r0 _sY _tBOOK _u2015-6-16 _xTEOLOGIA _zUNKNOWN _0COMPRA _o.STAFF. Colección General |
||
| 994 |
_aC0 _bPEPRU |
||
| 596 | _a1 | ||
| 999 |
_a253 H25 _wDEWEY _c60390 _i42558 _f2021-11-10 _g5 _lCCODEBUL1 _mBUL _p10.03 _r0 _sY _tBOOK _u2015-6-16 _xTEOLOGIA _PP35 _0COMPRA _o.STAFF. Colección Teología _d60390 |
||
| 980 |
_81 _gALBERTO SANCHEZ Responsable de Automatización |
||